The brothers Karamazov : (Record no. 75320)

MARC details
000 -LEADER
campo de control de longitud fija 01821cam a2200421 a 4500
003 - IDENTIFICADOR DE NÚMERO DE CONTROL
campo de control BJBSDDR
005 - FECHA Y HORA DE LA ÚLTIMA TRANSACCIÓN
campo de control 20230410130514.0
007 - CAMPO FIJO DE DESCRIPCIÓN FÍSICA--INFORMACIÓN GENERAL
campo de control de longitud fija ta
008 - DATOS DE LONGITUD FIJA--INFORMACIÓN GENERAL
campo de control de longitud fija 020219s2002 nyu 000 1 eng
020 ## - NÚMERO INTERNACIONAL ESTÁNDAR DEL LIBRO
Número Internacional Estándar del Libro 0374528373 (pb : alk. paper)
020 ## - NÚMERO INTERNACIONAL ESTÁNDAR DEL LIBRO
Número Internacional Estándar del Libro 9780374528379 (pb : alk. paper)
029 1# - OTRO NÚMERO DE CONTROL DE SISTEMA (OCLC)
Identificador de la biblioteca OCLC YDXCP
Número de control de sistema 1833687
029 1# - OTRO NÚMERO DE CONTROL DE SISTEMA (OCLC)
Identificador de la biblioteca OCLC NZ1
Número de control de sistema 6772459
029 1# - OTRO NÚMERO DE CONTROL DE SISTEMA (OCLC)
Identificador de la biblioteca OCLC AU@
Número de control de sistema 000023396676
035 ## - NÚMERO DE CONTROL DEL SISTEMA
Número de control de sistema (OCoLC)ocm49225953
035 ## - NÚMERO DE CONTROL DEL SISTEMA
Número de control de sistema (OCoLC)49225953
040 ## - FUENTE DE CATALOGACIÓN
Centro catalogador/agencia de origen DLC
Centro/agencia transcriptor DLC
Lengua de catalogación eng
041 1# - CÓDIGO DE IDIOMA
Código de lengua del texto/banda sonora o título independiente eng
Código de lengua original rus
049 ## - FONDOS LOCALES (OCLC)
Biblioteca depositaria GRAL
050 14 - SIGNATURA TOPOGRÁFICA DE LA BIBLIOTECA DEL CONGRESO
Número de clasificación PG 3326
Número de ítem D724b 2002
082 00 - NÚMERO DE LA CLASIFICACIÓN DECIMAL DEWEY
Número de clasificación 891.73/3
100 1# - ENTRADA PRINCIPAL--NOMBRE DE PERSONA
Nombre de persona Dostoyevsky, Fyodor,
Fechas asociadas al nombre 1821-1881
240 10 - TÍTULO UNIFORME
Título uniforme Bratʹi︠a︡ Karamazovy.
Lenguaje de la obra English
245 14 - MENCIÓN DEL TÍTULO
Título The brothers Karamazov :
Resto del título a novel in four parts with epilogue /
Mención de responsabilidad, etc. Fyodor Dostoevsky ; translated and annotated by Richard Pevear and Larissa Volokhonsky.
260 ## - PUBLICACIÓN, DISTRIBUCIÓN, ETC.
Lugar de publicación, distribución, etc. New York :
Nombre del editor, distribuidor, etc. Farrar, Straus and Giroux,
Fecha de publicación, distribución, etc. 2002.
300 ## - DESCRIPCIÓN FÍSICA
Extensión xx, 796 pages ;
Dimensiones 21 cm.
500 ## - NOTA GENERAL
Nota general "The Brothers Karamazov ... was written in 1879 to 1880 in Russia.... It was published in 1879 to 1880 in a series." -- wikipedia
500 ## - NOTA GENERAL
Nota general "First Farrar, Straus and Giroux paperback edition"--Title page verso<br/>
500 ## - NOTA GENERAL
Nota general "Originally published in 1990 by North Point Press"--Title page verso
520 ## - RESUMEN, ETC.
Sumario, etc. The violent lives of three sons are exposed when their father is murdered and each one attempts to come to terms with his guilt
650 #4 - PUNTO DE ACCESO ADICIONAL DE MATERIA--TÉRMINO DE MATERIA
9 (RLIN) 2283
Término de materia o nombre geográfico como elemento de entrada Literatura rusa
700 1# - ENTRADA AGREGADA--NOMBRE PERSONAL
Nombre de persona Pevear, Richard,
Fechas asociadas al nombre 1943-
9 (RLIN) 27214
Término indicativo de función/relación traductor
700 1# - ENTRADA AGREGADA--NOMBRE PERSONAL
Nombre de persona Volokhonsky, Larissa,
9 (RLIN) 27215
Fechas asociadas al nombre 1945-
Término indicativo de función/relación traductor
856 42 - LOCALIZACIÓN Y ACCESO ELECTRÓNICOS
Materiales especificados Contributor biographical information
Identificador Uniforme de Recursos <a href="http://www.loc.gov/catdir/bios/hol051/2002022757.html">http://www.loc.gov/catdir/bios/hol051/2002022757.html</a>
856 42 - LOCALIZACIÓN Y ACCESO ELECTRÓNICOS
Materiales especificados Publisher description
Identificador Uniforme de Recursos <a href="http://www.loc.gov/catdir/description/hol021/2002022757.html">http://www.loc.gov/catdir/description/hol021/2002022757.html</a>
942 ## - ELEMENTOS DE ENTRADA SECUNDARIOS (KOHA)
Fuente del sistema de clasificación o colocación Clasificación de Library of Congress
Tipo de ítem Koha Libro
946 ## - PROCESAMIENTO DE INFORMACIÓN LOCAL (OCLC)
a Lspaulino
Holdings
Estatus retirado Estado de pérdida Estado de daño No para préstamo Colección Biblioteca de origen Biblioteca actual Ubicación en estantería Fecha de adquisición Signatura topográfica completa Código de barras Visto por última vez Copia número Tipo de ítem Koha
        Humanidades Biblioteca Juan Bosch Biblioteca Juan Bosch Humanidades (4to. Piso) 10/04/2023 PG 3326 D724b 2002 00000058929 25/10/2018 1 Libro